ბათუმის შოთა რუსთაველის სახელმწიფო უნივერსიტეტის ბიბლიოთეკა

საპატრიარქოს უწყებანი 5-11ოქტომბერი №28(858) 2017. (ბიბ.ჩანაწერი № 54263)

000 -LEADER
fixed length control field 00888nam a2200205Ia 4500
001 - CONTROL NUMBER
control field 21319
003 - CONTROL NUMBER IDENTIFIER
control field GE_BSU
008 - FIXED-LENGTH DATA ELEMENTS--GENERAL INFORMATION
fixed length control field 181216s||||||||xx |||||||||||||| ||und||
040 ## - CATALOGING SOURCE
Transcribing agency GE_BSU
245 ## - TITLE STATEMENT
Title საპატრიარქოს უწყებანი 5-11ოქტომბერი №28(858) 2017.
245 ## - TITLE STATEMENT
Remainder of title პატრიარქის ქადაგება,ქრონიკა, ინფორმაცია და სხვა.
245 ## - TITLE STATEMENT
Statement of responsibility, etc. რედ:დეკანოზი დავით შარაშენიძე და სხვა.
260 ## - PUBLICATION, DISTRIBUTION, ETC.
Place of publication, distribution, etc. თბილისი
260 ## - PUBLICATION, DISTRIBUTION, ETC.
Date of publication, distribution, etc. 2017
300 ## - PHYSICAL DESCRIPTION
Extent 20გვ. 29სმ.
653 ## - INDEX TERM--UNCONTROLLED
Uncontrolled term პერიოდიკა
653 ## - INDEX TERM--UNCONTROLLED
Uncontrolled term რელიგია
653 ## - INDEX TERM--UNCONTROLLED
Uncontrolled term საპატრიარქოს უწყებანი 5-11ოქტომბერი №28(858) 2017.
942 ## - ADDED ENTRY ELEMENTS (KOHA)
Koha item type პერიოდიკა
ეგზემპლარები
Withdrawn status Lost status Damaged status Not for loan Date acquired Barcode Date last seen Price effective from Koha item type Public note
        2018-12-17 p 78806 2018-12-17 2018-12-17 პერიოდიკა პერიოდიკა